000 00397nam a2200157Ia 4500
008 100415s9999 xx 000 0 und d
082 _b21343
_a598.2(542)
100 _aMohan,D
245 _aBirds Of Uttaranchal
260 _aUTTARANCHAL
_c2003
_bFOREST DEPARTMENT
365 _b0
530 _bPhotocopy
630 _aBirds Of Uttaranchal
730 _aBirds Of Uttaranchal
942 _cBOOK
999 _c604225
_d604222